[Event "Icelandic Team Championship 2019-21 - 1s"]
[Site "Reykjavik (round 1-5) and Self"]
[Date "2021.05.15"]
[Round "8.3"]
[White "Sigfusson, Sigurdur"]
[Black "Olafsson, Thorvardur"]
[Result "1/2-1/2"]
[WhiteElo "2298"]
[BlackElo "2123"]
[PlyCount "78"]
[EventDate "2019.10.03"]
[WhiteTeam "Skákfélagið Huginn"]
[BlackTeam "Taflfélag Reykjavíkur a-sveit"]

1. e4 {[%emt 0:00:00]} e5 {[%emt 0:00:00]} 2. Nf3 {[%emt 0:00:00]} Nc6 {
[%emt 0:00:00]} 3. Bc4 {[%emt 0:00:00]} Bc5 {[%emt 0:00:00]} 4. O-O {[%emt 0:
00:00]} Nf6 {[%emt 0:00:00]} 5. d3 {[%emt 0:00:00]} d6 {[%emt 0:00:00]} 6. c3 {
[%emt 0:00:00]} Bb6 {[%emt 0:00:00]} 7. a4 {[%emt 0:00:00]} h6 {[%emt 0:00:00]}
8. b4 {[%emt 0:00:00]} a6 {[%emt 0:00:00]} 9. Be3 {[%emt 0:00:00]} Bxe3 {
[%emt 0:00:00]} 10. fxe3 {[%emt 0:00:00]} O-O {[%emt 0:00:00]} 11. Na3 {
[%emt 0:00:00]} Re8 {[%emt 0:00:00]} 12. Nh4 {[%emt 0:00:00]} Be6 {[%emt 0:00:
00]} 13. Nf5 {[%emt 0:00:00]} Bxc4 {[%emt 0:00:00]} 14. Nxc4 {[%emt 0:00:00]}
Re6 {[%emt 0:00:00]} 15. Qf3 {[%emt 0:00:00]} Ne7 {[%emt 0:00:00]} 16. Nd2 {
[%emt 0:00:00]} c6 {[%emt 0:00:00]} 17. Qg3 {[%emt 0:00:00]} Ng6 {[%emt 0:00:
00]} 18. Nf3 {[%emt 0:00:00]} d5 {[%emt 0:00:00]} 19. N3h4 {[%emt 0:00:00]} Nh5
{[%emt 0:00:00]} 20. Qf3 {[%emt 0:00:30]} Nxh4 {[%emt 0:00:00]} 21. Qxh5 {
[%emt 0:01:42]} Nxf5 {[%emt 0:00:00]} 22. exf5 {[%emt 0:01:44]} Rd6 {[%emt 0:
00:14]} 23. f6 {[%emt 0:00:38]} Rxf6 {[%emt 0:00:13]} 24. Qxe5 {[%emt 0:00:06]}
Rxf1+ {[%emt 0:00:30]} 25. Rxf1 {[%emt 0:00:11]} Qd7 {[%emt 0:00:52]} 26. a5 {
[%emt 0:00:34]} Re8 {[%emt 0:00:18]} 27. Qd4 {[%emt 0:00:07]} Qe6 {[%emt 0:03:
07]} 28. Rf3 {[%emt 0:00:22]} Qe5 {[%emt 0:00:28]} 29. Qxe5 {[%emt 0:02:50]}
Rxe5 {[%emt 0:00:03]} 30. Kf2 {[%emt 0:00:27]} Re6 {[%emt 0:02:07]} 31. Rf4 {
[%emt 0:01:23]} Kf8 {[%emt 0:01:00]} 32. Rd4 {[%emt 0:01:21]} Ke7 {[%emt 0:00:
25]} 33. c4 {[%emt 0:01:06]} dxc4 {[%emt 0:00:46]} 34. Rxc4 {[%emt 0:00:34]}
Rf6+ {[%emt 0:02:00]} 35. Ke2 {[%emt 0:00:08]} Rg6 {[%emt 0:00:10]} 36. Kf3 {
[%emt 0:00:31]} Rf6+ {[%emt 0:00:14]} 37. Ke2 {[%emt 0:00:18]} Rg6 {[%emt 0:00:
08]} 38. Kf3 {[%emt 0:00:21]} Re6 {[%emt 0:00:01]} 39. d4 {[%emt 0:00:37]} Kf8
{[%emt 0:00:19]} 1/2-1/2

[Event "Icelandic Team Championship 2019-21 - 1s"]
[Site "Reykjavik (round 1-5) and Self"]
[Date "2021.05.15"]
[Round "8.3"]
[White "Einarsson, Bergsteinn"]
[Black "Kristjansson, Atli Freyr"]
[Result "1/2-1/2"]
[WhiteElo "2215"]
[BlackElo "2176"]
[PlyCount "106"]
[EventDate "2019.10.03"]
[WhiteTeam "Taflfélag Reykjavíkur a-sveit"]
[BlackTeam "Skákfélagið Huginn"]

1. d4 {[%emt 0:00:00]} Nf6 {[%emt 0:00:00]} 2. c4 {[%emt 0:00:00]} e6 {[%emt 0:
00:00]} 3. Nc3 {[%emt 0:00:00]} d5 {[%emt 0:00:00]} 4. Bg5 {[%emt 0:00:00]} Be7
{[%emt 0:00:00]} 5. e3 {[%emt 0:00:00]} h6 {[%emt 0:00:00]} 6. Bh4 {[%emt 0:00:
00]} O-O {[%emt 0:00:00]} 7. Bd3 {[%emt 0:00:00]} b6 {[%emt 0:00:00]} 8. Nf3 {
[%emt 0:00:00]} Bb7 {[%emt 0:00:00]} 9. O-O {[%emt 0:00:00]} Nbd7 {[%emt 0:00:
00]} 10. Qe2 {[%emt 0:00:00]} Ne4 {[%emt 0:00:00]} 11. Bxe7 {[%emt 0:00:00]}
Nxc3 {[%emt 0:00:00]} 12. bxc3 {[%emt 0:00:00]} Qxe7 {[%emt 0:00:00]} 13. Nd2 {
[%emt 0:00:00]} c5 {[%emt 0:00:00]} 14. f4 {[%emt 0:00:00]} Rac8 {[%emt 0:00:
00]} 15. Rae1 {[%emt 0:00:00]} Nf6 {[%emt 0:00:00]} 16. Nf3 {[%emt 0:00:00]}
dxc4 {[%emt 0:00:00]} 17. Bxc4 {[%emt 0:00:00]} Ne4 {[%emt 0:00:00]} 18. Rc1 {
[%emt 0:00:00]} Rc7 {[%emt 0:00:00]} 19. Bd3 {[%emt 0:00:00]} cxd4 {[%emt 0:00:
00]} 20. cxd4 {[%emt 0:00:00]} Rfc8 {[%emt 0:00:00]} 21. Qb2 {[%emt 0:00:00]}
Bd5 {[%emt 0:00:00]} 22. a3 {[%emt 0:00:00]} Nd6 {[%emt 0:00:00]} 23. Nd2 {
[%emt 0:00:00]} f5 {[%emt 0:00:00]} 24. Ba6 {[%emt 0:00:00]} Rxc1 {[%emt 0:00:
00]} 25. Rxc1 {[%emt 0:00:00]} Rc7 {[%emt 0:00:00]} 26. Rc3 {[%emt 0:02:03]}
Qd7 {[%emt 0:00:00]} 27. Qc2 {[%emt 0:03:26]} Rxc3 {[%emt 0:00:00]} 28. Qxc3 {
[%emt 0:00:03]} Qa4 {[%emt 0:00:00]} 29. Be2 {[%emt 0:00:50]} Kh7 {[%emt 0:00:
00]} 30. h3 {[%emt 0:00:37]} Nb5 {[%emt 0:00:00]} 31. Bxb5 {[%emt 0:00:52]}
Qxb5 {[%emt 0:00:00]} 32. Kf2 {[%emt 0:02:15]} a5 {[%emt 0:00:00]} 33. Nf3 {
[%emt 0:01:47]} Qb1 {[%emt 0:00:00]} 34. Nd2 {[%emt 0:02:48]} Qd1 {[%emt 0:00:
00]} 35. Nf3 {[%emt 0:01:19]} Bxf3 {[%emt 0:00:00]} 36. gxf3 {[%emt 0:00:05]}
a4 {[%emt 0:00:00]} 37. e4 {[%emt 0:01:07]} Qb3 {[%emt 0:00:00]} 38. Qc1 {
[%emt 0:00:43]} b5 {[%emt 0:00:00]} 39. exf5 {[%emt 0:00:03]} exf5 {[%emt 0:00:
00]} 40. Qc5 {[%emt 0:00:06]} Qb2+ {[%emt 0:00:00]} 41. Kg3 {[%emt 0:00:10]}
Qb1 {[%emt 0:00:00]} 42. d5 {[%emt 0:00:17]} b4 {[%emt 0:00:00]} 43. d6 {
[%emt 0:00:56]} bxa3 {[%emt 0:00:00]} 44. d7 {[%emt 0:01:23]} a2 {[%emt 0:00:
00]} 45. d8=Q {[%emt 0:00:54]} a1=Q 46. Qd2 Qg1+ 47. Qxg1 Qxg1+ 48. Kh4 Qb1 49.
Qd7 a3 50. Qf7 a2 51. Kh5 Qg1 52. h4 a1=Q 53. Qxg7+ Qaxg7 {[%emt 0:00:00]}
1/2-1/2

[Event "Icelandic Team Championship 2019-21 - 1s"]
[Site "Reykjavik (round 1-5) and Self"]
[Date "2021.05.15"]
[Round "8.3"]
[White "Halldorsson, Bragi"]
[Black "Birkisson, Bjorn Holm"]
[Result "1/2-1/2"]
[WhiteElo "2073"]
[BlackElo "2090"]
[PlyCount "52"]
[EventDate "2019.10.03"]
[WhiteTeam "Skákfélagið Huginn"]
[BlackTeam "Taflfélag Reykjavíkur a-sveit"]

1. d4 {[%emt 0:00:00]} Nf6 {[%emt 0:00:00]} 2. c4 {[%emt 0:00:00]} g6 {[%emt 0:
00:00]} 3. Nc3 {[%emt 0:00:00]} d5 {[%emt 0:00:00]} 4. e3 {[%emt 0:00:00]} c6 {
[%emt 0:00:00]} 5. Nf3 {[%emt 0:00:00]} Bg7 {[%emt 0:00:00]} 6. b4 {[%emt 0:00:
00]} O-O {[%emt 0:00:00]} 7. a4 {[%emt 0:00:00]} dxc4 {[%emt 0:00:00]} 8. Bxc4
{[%emt 0:00:00]} Nd5 {[%emt 0:00:00]} 9. Qb3 {[%emt 0:00:00]} Nxc3 {[%emt 0:00:
00]} 10. Qxc3 {[%emt 0:00:00]} Bg4 {[%emt 0:00:00]} 11. h3 {[%emt 0:00:00]}
Bxf3 {[%emt 0:00:00]} 12. gxf3 {[%emt 0:00:00]} Nd7 {[%emt 0:00:00]} 13. f4 {
[%emt 0:00:00]} a5 {[%emt 0:00:00]} 14. Bb2 {[%emt 0:00:00]} axb4 {[%emt 0:00:
00]} 15. Qxb4 {[%emt 0:00:00]} c5 {[%emt 0:00:00]} 16. dxc5 {[%emt 0:00:00]}
Bxb2 {[%emt 0:00:00]} 17. Qxb2 {[%emt 0:00:00]} Qa5+ {[%emt 0:00:00]} 18. Qd2 {
[%emt 0:00:00]} Nxc5 {[%emt 0:00:00]} 19. Qxa5 {[%emt 0:00:00]} Rxa5 {[%emt 0:
00:00]} 20. O-O {[%emt 0:00:00]} Rxa4 {[%emt 0:00:00]} 21. Rxa4 {[%emt 0:00:00]
} Nxa4 {[%emt 0:00:00]} 22. Rb1 {[%emt 0:00:00]} Nc5 {[%emt 0:00:00]} 23. Bd5 {
[%emt 0:00:00]} Rb8 {[%emt 0:00:00]} 24. Rb6 {[%emt 0:00:00]} Kf8 {[%emt 0:00:
00]} 25. h4 {[%emt 0:00:00]} e6 {[%emt 0:00:00]} 26. Bf3 {[%emt 0:00:00]} Nd7 {
[%emt 0:00:00]} 1/2-1/2

[Event "Icelandic Team Championship 2019-21 - 1s"]
[Site "Reykjavik (round 1-5) and Self"]
[Date "2021.05.15"]
[Round "8.3"]
[White "Mai, Alexander Oliver"]
[Black "Ptacnikova, Lenka"]
[Result "1-0"]
[WhiteElo "2025"]
[BlackElo "2107"]
[PlyCount "77"]
[EventDate "2019.10.03"]
[WhiteTeam "Taflfélag Reykjavíkur a-sveit"]
[BlackTeam "Skákfélagið Huginn"]

1. e4 {[%emt 0:00:00]} c5 {[%emt 0:00:00]} 2. Nf3 {[%emt 0:00:00]} e6 {[%emt 0:
00:00]} 3. d4 {[%emt 0:00:00]} cxd4 {[%emt 0:00:00]} 4. Nxd4 {[%emt 0:00:00]}
Nf6 {[%emt 0:00:00]} 5. Nc3 {[%emt 0:00:00]} Nc6 {[%emt 0:00:00]} 6. Nxc6 {
[%emt 0:00:00]} bxc6 {[%emt 0:00:00]} 7. e5 {[%emt 0:00:00]} Nd5 {[%emt 0:00:
00]} 8. Ne4 {[%emt 0:00:00]} Qc7 {[%emt 0:00:00]} 9. f4 {[%emt 0:00:00]} Qb6 {
[%emt 0:00:00]} 10. c4 {[%emt 0:00:00]} Bb4+ {[%emt 0:00:00]} 11. Ke2 {[%emt 0:
00:00]} Ba6 {[%emt 0:00:00]} 12. Kf3 {[%emt 0:00:00]} f5 {[%emt 0:00:00]} 13.
exf6 {[%emt 0:00:00]} Nxf6 {[%emt 0:00:00]} 14. c5 {[%emt 0:00:00]} Bxc5 {
[%emt 0:00:00]} 15. Nxc5 {[%emt 0:00:00]} Qxc5 {[%emt 0:00:00]} 16. Bxa6 {
[%emt 0:00:00]} O-O {[%emt 0:00:00]} 17. Bd3 {[%emt 0:00:00]} e5 {[%emt 0:00:
00]} 18. Qc2 {[%emt 0:00:00]} Qd5+ {[%emt 0:00:00]} 19. Be4 {[%emt 0:00:00]}
Qf7 {[%emt 0:00:00]} 20. Kf2 {[%emt 0:00:00]} g5 {[%emt 0:00:00]} 21. f5 {
[%emt 0:00:00]} d5 {[%emt 0:00:00]} 22. Bd3 {[%emt 0:00:00]} Qd7 {[%emt 0:00:
00]} 23. Rf1 {[%emt 0:00:00]} e4 {[%emt 0:00:00]} 24. Be2 {[%emt 0:00:00]}
Qxf5+ {[%emt 0:00:00]} 25. Kg1 {[%emt 0:00:00]} Qe5 {[%emt 0:00:00]} 26. Be3 {
[%emt 0:00:00]} Rac8 {[%emt 0:00:00]} 27. Bc5 {[%emt 0:00:00]} Rf7 {[%emt 0:00:
00]} 28. Rad1 {[%emt 0:00:00]} Qe6 {[%emt 0:00:00]} 29. Qd2 {[%emt 0:00:00]} h6
{[%emt 0:00:00]} 30. h3 {[%emt 0:00:21]} Rb8 {[%emt 0:00:00]} 31. Qd4 {[%emt 0:
00:45]} Rbb7 {[%emt 0:00:00]} 32. Rf2 {[%emt 0:01:04]} e3 {[%emt 0:00:00]} 33.
Qxe3 {[%emt 0:01:58]} Ne4 {[%emt 0:00:24]} 34. Rxf7 {[%emt 0:00:49]} Qxf7 {
[%emt 0:01:29]} 35. Rf1 {[%emt 0:01:24]} Qg7 {[%emt 0:00:51]} 36. Rf8+ {
[%emt 0:03:43]} Qxf8 {[%emt 0:00:39]} 37. Bxf8 {[%emt 0:00:06]} Kxf8 {[%emt 0:
00:05]} 38. Bf3 {[%emt 0:01:22]} Rxb2 {[%emt 0:01:36]} 39. Qa3+ {[%emt 0:00:15]
} 1-0

[Event "Icelandic Team Championship 2019-21 - 1s"]
[Site "Reykjavik (round 1-5) and Self"]
[Date "2021.05.15"]
[Round "8.4"]
[White "Karlsson, Bjorn-Ivar"]
[Black "Donchenko, Alexander"]
[Result "1-0"]
[WhiteElo "2293"]
[BlackElo "2660"]
[PlyCount "131"]
[EventDate "2019.10.03"]
[WhiteTeam "Skákfélag Akureyrar"]
[BlackTeam "Skákfélag Selfoss og nágrennis"]

1. e4 {[%emt 0:00:00]} c5 {[%emt 0:00:00]} 2. Nf3 {[%emt 0:00:00]} d6 {[%emt 0:
00:00]} 3. Bc4 {[%emt 0:00:00]} Nf6 {[%emt 0:00:00]} 4. d3 {[%emt 0:00:00]} e6
{[%emt 0:00:00]} 5. Bb3 {[%emt 0:00:00]} Be7 {[%emt 0:00:00]} 6. O-O {[%emt 0:
00:00]} O-O {[%emt 0:00:00]} 7. c3 {[%emt 0:00:00]} b5 {[%emt 0:00:00]} 8. Re1
{[%emt 0:00:00]} Bb7 {[%emt 0:00:00]} 9. Nbd2 {[%emt 0:00:00]} Nc6 {[%emt 0:00:
00]} 10. Nf1 {[%emt 0:00:00]} Qc7 {[%emt 0:00:00]} 11. Ng3 {[%emt 0:00:00]}
Rac8 {[%emt 0:00:00]} 12. Bg5 {[%emt 0:00:00]} h6 {[%emt 0:00:00]} 13. Bf4 {
[%emt 0:00:00]} Rfd8 {[%emt 0:00:00]} 14. Rc1 {[%emt 0:00:00]} Bf8 {[%emt 0:00:
00]} 15. a3 {[%emt 0:00:00]} e5 {[%emt 0:00:00]} 16. Bd2 {[%emt 0:00:00]} d5 {
[%emt 0:00:00]} 17. exd5 {[%emt 0:00:00]} Nxd5 {[%emt 0:00:00]} 18. Qe2 {
[%emt 0:00:00]} Nf4 {[%emt 0:00:00]} 19. Bxf4 {[%emt 0:00:00]} exf4 {[%emt 0:
00:00]} 20. Ne4 {[%emt 0:00:00]} Re8 {[%emt 0:00:00]} 21. Nh4 {[%emt 0:00:00]}
Ne5 {[%emt 0:00:00]} 22. Ba2 {[%emt 0:00:00]} Kh8 {[%emt 0:00:00]} 23. Rcd1 {
[%emt 0:00:00]} f3 {[%emt 0:00:00]} 24. gxf3 {[%emt 0:00:52]} Qd8 {[%emt 0:00:
00]} 25. Ng2 {[%emt 0:02:30]} f5 {[%emt 0:00:00]} 26. d4 {[%emt 0:00:07]} cxd4
{[%emt 0:00:00]} 27. cxd4 {[%emt 0:00:23]} Nc4 {[%emt 0:00:00]} 28. Bb1 {
[%emt 0:02:51]} Qb6 {[%emt 0:00:00]} 29. Nf4 {[%emt 0:03:12]} Rcd8 {[%emt 0:00:
00]} 30. Qc2 {[%emt 0:02:19]} fxe4 {[%emt 0:00:00]} 31. fxe4 {[%emt 0:00:02]}
Ne5 {[%emt 0:07:12]} 32. dxe5 {[%emt 0:00:35]} Rc8 {[%emt 0:00:02]} 33. Qb3 {
[%emt 0:01:24]} Rxe5 {[%emt 0:01:10]} 34. Qf7 {[%emt 0:00:52]} Rg5+ {[%emt 0:
00:48]} 35. Kf1 {[%emt 0:00:11]} b4 {[%emt 0:08:24]} 36. h4 {[%emt 0:01:58]}
Rg4 {[%emt 0:00:34]} 37. Qf5 {[%emt 0:00:21]} Rxf4 {[%emt 0:00:42]} 38. Qxf4 {
[%emt 0:00:08]} Bc5 {[%emt 0:00:13]} 39. axb4 {[%emt 0:01:06]} Bxb4 {[%emt 0:
00:08]} 40. Re3 {[%emt 0:00:39]} Bc5 {[%emt 0:01:04]} 41. Rf3 {[%emt 0:00:02]}
Qxb2 {[%emt 0:00:42]} 42. Bd3 {[%emt 0:01:02]} Qb6 {[%emt 0:00:47]} 43. Rb1 {
[%emt 0:01:04]} Qc6 {[%emt 0:00:38]} 44. Qf7 {[%emt 0:00:50]} Ba6 {[%emt 0:00:
34]} 45. Bxa6 {[%emt 0:00:54]} Qxa6+ {[%emt 0:00:02]} 46. Kg2 {[%emt 0:00:10]}
Bd4 {[%emt 0:00:33]} 47. Rb7 {[%emt 0:00:34]} Qc6 {[%emt 0:00:40]} 48. Re7 {
[%emt 0:00:17]} a5 {[%emt 0:00:42]} 49. Rg3 {[%emt 0:00:54]} Rg8 {[%emt 0:00:
30]} 50. Re6 {[%emt 0:00:23]} Qc1 {[%emt 0:00:05]} 51. Re8 {[%emt 0:00:40]}
Rxe8 {[%emt 0:00:05]} 52. Qxe8+ {[%emt 0:00:02]} Kh7 {[%emt 0:00:05]} 53. Qg6+
{[%emt 0:00:22]} Kh8 {[%emt 0:00:05]} 54. e5 {[%emt 0:01:00]} Qc7 {[%emt 0:00:
14]} 55. Qe8+ {[%emt 0:00:14]} Kh7 {[%emt 0:00:01]} 56. e6 {[%emt 0:00:20]} Qc2
{[%emt 0:00:59]} 57. Qf7 {[%emt 0:00:57]} Bf6 {[%emt 0:01:42]} 58. Qb7 {
[%emt 0:00:07]} Qe2 {[%emt 0:00:54]} 59. Qd5 {[%emt 0:00:40]} a4 {[%emt 0:00:
42]} 60. Qf5+ {[%emt 0:00:25]} Kh8 {[%emt 0:00:16]} 61. Re3 {[%emt 0:00:17]}
Qc4 {[%emt 0:00:54]} 62. Qe4 {[%emt 0:01:03]} Qb5 {[%emt 0:00:26]} 63. Ra3 {
[%emt 0:00:32]} Qe8 {[%emt 0:00:35]} 64. Rxa4 {[%emt 0:00:13]} Kg8 {[%emt 0:00:
20]} 65. Ra8 {[%emt 0:00:13]} Bd8 {[%emt 0:00:02]} 66. e7 {[%emt 0:00:19]} 1-0

[Event "Icelandic Team Championship 2019-21 - 1s"]
[Site "Reykjavik (round 1-5) and Self"]
[Date "2021.05.15"]
[Round "8.4"]
[White "Demchenko, Anton"]
[Black "Thorgeirsson, Jon Kristinn"]
[Result "1-0"]
[WhiteElo "2599"]
[BlackElo "2255"]
[PlyCount "59"]
[EventDate "2019.10.03"]
[WhiteTeam "Skákfélag Selfoss og nágrennis"]
[BlackTeam "Skákfélag Akureyrar"]

1. e4 {[%emt 0:00:00]} e5 {[%emt 0:00:00]} 2. Nf3 {[%emt 0:00:00]} Nc6 {
[%emt 0:00:00]} 3. Bc4 {[%emt 0:00:00]} Bc5 {[%emt 0:00:00]} 4. d3 {[%emt 0:00:
00]} Nf6 {[%emt 0:00:00]} 5. Bg5 {[%emt 0:00:00]} h6 {[%emt 0:00:00]} 6. Bh4 {
[%emt 0:00:00]} d6 {[%emt 0:00:00]} 7. c3 {[%emt 0:00:00]} Qe7 {[%emt 0:00:00]}
8. Nbd2 {[%emt 0:00:00]} Be6 {[%emt 0:00:00]} 9. b4 {[%emt 0:00:00]} Bb6 {
[%emt 0:00:00]} 10. O-O {[%emt 0:00:00]} g5 {[%emt 0:00:00]} 11. Bg3 {[%emt 0:
00:00]} h5 {[%emt 0:00:00]} 12. h4 {[%emt 0:00:00]} gxh4 {[%emt 0:00:00]} 13.
Bxh4 {[%emt 0:00:00]} Rg8 {[%emt 0:00:00]} 14. g3 {[%emt 0:00:00]} Qd7 {
[%emt 0:00:00]} 15. a4 {[%emt 0:00:00]} a6 {[%emt 0:00:00]} 16. b5 {[%emt 0:00:
00]} Na5 {[%emt 0:00:00]} 17. Bxe6 {[%emt 0:00:00]} Qxe6 {[%emt 0:00:00]} 18.
d4 {[%emt 0:00:00]} O-O-O {[%emt 0:00:00]} 19. Qe2 {[%emt 0:00:00]} exd4 {
[%emt 0:00:00]} 20. cxd4 {[%emt 0:00:00]} axb5 {[%emt 0:00:00]} 21. axb5 {
[%emt 0:00:00]} Rde8 {[%emt 0:00:00]} 22. Rfe1 {[%emt 0:00:00]} d5 {[%emt 0:00:
00]} 23. e5 {[%emt 0:00:00]} Ng4 {[%emt 0:00:00]} 24. Qd3 {[%emt 0:00:00]} Nh6
{[%emt 0:01:17]} 25. Qc3 {[%emt 0:00:00]} Nf5 {[%emt 0:09:39]} 26. Rxa5 {
[%emt 0:00:00]} Bxa5 {[%emt 0:00:53]} 27. Qxa5 {[%emt 0:00:00]} Kd7 {[%emt 0:
00:57]} 28. Rc1 {[%emt 0:00:00]} Rc8 {[%emt 0:00:51]} 29. Qa4 {[%emt 0:01:58]}
b6 {[%emt 0:01:28]} 30. Rc6 {[%emt 0:00:19]} 1-0

[Event "Icelandic Team Championship 2019-21 - 1s"]
[Site "Reykjavik (round 1-5) and Self"]
[Date "2021.05.15"]
[Round "8.4"]
[White "Sigurpalsson, Runar"]
[Black "Thorfinnsson, Bragi"]
[Result "0-1"]
[WhiteElo "2287"]
[BlackElo "2432"]
[PlyCount "68"]
[EventDate "2019.10.03"]
[WhiteTeam "Skákfélag Akureyrar"]
[BlackTeam "Skákfélag Selfoss og nágrennis"]

1. e4 {[%emt 0:00:00]} d6 {[%emt 0:00:00]} 2. g3 {[%emt 0:00:00]} Nf6 {[%emt 0:
00:00]} 3. Bg2 {[%emt 0:00:00]} g6 {[%emt 0:00:00]} 4. Ne2 {[%emt 0:00:00]} Bg7
{[%emt 0:00:00]} 5. d4 {[%emt 0:00:00]} O-O {[%emt 0:00:00]} 6. O-O {[%emt 0:
00:00]} e5 {[%emt 0:00:00]} 7. dxe5 {[%emt 0:00:00]} dxe5 {[%emt 0:00:00]} 8.
Be3 {[%emt 0:00:00]} Qe7 {[%emt 0:00:00]} 9. Nbc3 {[%emt 0:00:00]} c6 {[%emt 0:
00:00]} 10. f3 {[%emt 0:00:00]} b6 {[%emt 0:00:00]} 11. Qe1 {[%emt 0:00:00]}
Ba6 {[%emt 0:00:00]} 12. Qf2 {[%emt 0:00:00]} Nbd7 {[%emt 0:00:00]} 13. h3 {
[%emt 0:00:00]} Ne8 {[%emt 0:00:00]} 14. f4 {[%emt 0:00:00]} exf4 {[%emt 0:00:
00]} 15. gxf4 {[%emt 0:00:00]} Nc5 {[%emt 0:00:00]} 16. e5 {[%emt 0:00:00]} Rc8
{[%emt 0:00:00]} 17. Rfe1 {[%emt 0:00:00]} f6 {[%emt 0:00:00]} 18. Nd4 {
[%emt 0:00:00]} Bb7 {[%emt 0:00:00]} 19. e6 {[%emt 0:00:00]} f5 {[%emt 0:00:00]
} 20. Rad1 {[%emt 0:00:00]} Nf6 {[%emt 0:00:00]} 21. Qh4 {[%emt 0:00:00]} Rfe8
{[%emt 0:00:00]} 22. Bf2 {[%emt 0:00:00]} Nce4 {[%emt 0:00:00]} 23. Nxe4 {
[%emt 0:00:00]} fxe4 {[%emt 0:00:00]} 24. f5 {[%emt 0:00:00]} c5 {[%emt 0:00:
00]} 25. Nb5 {[%emt 0:00:00]} Rcd8 {[%emt 0:00:00]} 26. fxg6 {[%emt 0:00:00]}
e3 {[%emt 0:00:00]} 27. Bg3 {[%emt 0:00:00]} Bxg2 {[%emt 0:00:00]} 28. Kxg2 {
[%emt 0:00:00]} Rd2+ {[%emt 0:00:00]} 29. Rxd2 {[%emt 0:00:00]} exd2 {[%emt 0:
00:00]} 30. gxh7+ {[%emt 0:00:00]} Kh8 {[%emt 0:00:23]} 31. Rd1 {[%emt 0:00:00]
} Qxe6 {[%emt 0:00:58]} 32. Nc3 {[%emt 0:00:00]} Nd5 {[%emt 0:03:05]} 33. Rxd2
{[%emt 0:00:00]} Ne3+ {[%emt 0:00:25]} 34. Kg1 {[%emt 0:00:00]} Nf5 {[%emt 0:
08:53]} 0-1

[Event "Icelandic Team Championship 2019-21 - 1s"]
[Site "Reykjavik (round 1-5) and Self"]
[Date "2021.05.15"]
[Round "8.4"]
[White "Gunnarsson, Arnar"]
[Black "Karason, Askell O"]
[Result "1/2-1/2"]
[WhiteElo "2420"]
[BlackElo "2274"]
[PlyCount "65"]
[EventDate "2019.10.03"]
[WhiteTeam "Skákfélag Selfoss og nágrennis"]
[BlackTeam "Skákfélag Akureyrar"]

1. c4 {[%emt 0:00:00]} g6 {[%emt 0:00:00]} 2. g3 {[%emt 0:00:00]} Bg7 {[%emt 0:
00:00]} 3. Bg2 {[%emt 0:00:00]} c5 {[%emt 0:00:00]} 4. Nc3 {[%emt 0:00:00]} Nc6
{[%emt 0:00:00]} 5. e3 {[%emt 0:00:00]} Nh6 {[%emt 0:00:00]} 6. Nge2 {[%emt 0:
00:00]} Nf5 {[%emt 0:00:00]} 7. a3 {[%emt 0:00:00]} a5 {[%emt 0:00:00]} 8. O-O
{[%emt 0:00:00]} h5 {[%emt 0:00:00]} 9. h3 {[%emt 0:00:00]} d6 {[%emt 0:00:00]}
10. Rb1 {[%emt 0:00:00]} Rb8 {[%emt 0:00:00]} 11. Qb3 {[%emt 0:00:00]} Bd7 {
[%emt 0:00:00]} 12. Rd1 {[%emt 0:00:00]} Ne5 {[%emt 0:00:00]} 13. d4 {[%emt 0:
00:00]} cxd4 {[%emt 0:00:00]} 14. exd4 {[%emt 0:00:00]} a4 {[%emt 0:00:00]} 15.
Nxa4 {[%emt 0:00:00]} Nxc4 {[%emt 0:00:00]} 16. Nac3 {[%emt 0:00:00]} b5 {
[%emt 0:00:00]} 17. Nd5 {[%emt 0:00:00]} e6 {[%emt 0:00:00]} 18. Nb4 {[%emt 0:
00:00]} d5 {[%emt 0:00:00]} 19. Qd3 {[%emt 0:00:00]} O-O {[%emt 0:00:00]} 20.
b3 {[%emt 0:00:00]} Na5 {[%emt 0:00:00]} 21. Bb2 {[%emt 0:00:00]} Qb6 {[%emt 0:
00:00]} 22. g4 {[%emt 0:05:10]} hxg4 {[%emt 0:00:00]} 23. hxg4 {[%emt 0:00:06]}
Nd6 {[%emt 0:00:00]} 24. Rdc1 {[%emt 0:01:39]} Rfc8 {[%emt 0:00:00]} 25. Bc3 {
[%emt 0:01:04]} Ra8 {[%emt 0:00:00]} 26. Bd2 {[%emt 0:01:54]} Nab7 {[%emt 0:00:
00]} 27. Ra1 {[%emt 0:00:24]} Rxc1+ {[%emt 0:00:00]} 28. Bxc1 {[%emt 0:00:10]}
Na5 {[%emt 0:00:00]} 29. Be3 {[%emt 0:00:48]} Rc8 {[%emt 0:00:00]} 30. f3 {
[%emt 0:02:34]} Nc6 {[%emt 0:00:00]} 31. Nxc6 {[%emt 0:01:05]} Bxc6 {[%emt 0:
00:00]} 32. Qd2 {[%emt 0:01:50]} Bd7 {[%emt 0:00:00]} 33. Rc1 {[%emt 0:00:38]}
1/2-1/2

[Event "Icelandic Team Championship 2019-21 - 1s"]
[Site "Reykjavik (round 1-5) and Self"]
[Date "2021.05.15"]
[Round "8.4"]
[White "Gudmundsson, Bjorgvin S"]
[Black "Bergsson, Stefan"]
[Result "1/2-1/2"]
[WhiteElo "1964"]
[BlackElo "2148"]
[PlyCount "61"]
[EventDate "2019.10.03"]
[WhiteTeam "Skákfélag Selfoss og nágrennis"]
[BlackTeam "Skákfélag Akureyrar"]

1. d4 {[%emt 0:00:00]} Nf6 {[%emt 0:00:00]} 2. Nf3 {[%emt 0:00:00]} g6 {
[%emt 0:00:00]} 3. c4 {[%emt 0:00:00]} Bg7 {[%emt 0:00:00]} 4. Nc3 {[%emt 0:00:
00]} O-O {[%emt 0:00:00]} 5. g3 {[%emt 0:00:00]} d5 {[%emt 0:00:00]} 6. cxd5 {
[%emt 0:00:00]} Nxd5 {[%emt 0:00:00]} 7. Bg2 {[%emt 0:00:00]} c5 {[%emt 0:00:
00]} 8. O-O {[%emt 0:00:00]} cxd4 {[%emt 0:00:00]} 9. Nxd4 {[%emt 0:00:00]}
Nxc3 {[%emt 0:00:00]} 10. bxc3 {[%emt 0:00:00]} Qa5 {[%emt 0:00:00]} 11. Qb3 {
[%emt 0:00:00]} e5 {[%emt 0:00:00]} 12. Bxb7 {[%emt 0:00:00]} Bxb7 {[%emt 0:00:
00]} 13. Qxb7 {[%emt 0:00:00]} exd4 {[%emt 0:00:00]} 14. Qxa8 {[%emt 0:00:00]}
dxc3 {[%emt 0:00:00]} 15. Be3 {[%emt 0:00:00]} Nd7 {[%emt 0:00:00]} 16. Qxa7 {
[%emt 0:00:00]} Qxa7 {[%emt 0:00:00]} 17. Bxa7 {[%emt 0:00:00]} Ra8 {[%emt 0:
00:00]} 18. Be3 {[%emt 0:00:00]} c2 {[%emt 0:00:00]} 19. a4 {[%emt 0:08:48]}
Bxa1 {[%emt 0:00:00]} 20. Rxa1 {[%emt 0:00:04]} Ne5 {[%emt 0:00:00]} 21. Rc1 {
[%emt 0:02:31]} Nc4 {[%emt 0:00:00]} 22. Rxc2 {[%emt 0:00:30]} Nxe3 {[%emt 0:
00:00]} 23. fxe3 {[%emt 0:00:02]} Rxa4 {[%emt 0:00:00]} 24. Kf2 {[%emt 0:00:11]
} h5 {[%emt 0:00:00]} 25. Kf3 {[%emt 0:00:11]} Kg7 {[%emt 0:00:00]} 26. Rd2 {
[%emt 0:00:40]} Ra1 {[%emt 0:00:00]} 27. h4 {[%emt 0:00:09]} Rf1+ {[%emt 0:00:
00]} 28. Kg2 {[%emt 0:00:29]} Ra1 {[%emt 0:00:00]} 29. Rd4 {[%emt 0:01:03]} Kf6
{[%emt 0:00:00]} 30. Rd5 {[%emt 0:00:29]} Ke6 {[%emt 0:00:00]} 31. Rb5 {
[%emt 0:00:18]} 1/2-1/2